000 00614nam a2200181Ia 4500
008 100921s9999 xx 000 0 und d
082 _b23265
_a891.462041 थ 89
100 _aवाडकर ज्ञानेश.
245 _aपत्रकार.
260 _bअमित प्रकाशन, गोवा.
_c1989
300 _a72
_bअमित प्रकाशन, गोवा
365 _b20
520 _aललित-एकांकिका.
630 _aपत्रकार.
650 _aललित-एकांकिका.
730 _aपत्रकार.
942 _cBOOK
999 _c772378
_d772375